The Globalization of Science Curricula (Record no. 33249)
[ view plain ]
| 000 -LEADER | |
|---|---|
| fixed length control field | 00800nam a2200121Ia 4500 |
| 008 - FIXED-LENGTH DATA ELEMENTS--GENERAL INFORMATION | |
| fixed length control field | 220620s9999||||xx |||||||||||||| ||und|| |
| 100 ## - MAIN ENTRY--PERSONAL NAME | |
| Personal name | Stacey, Oliver||De Lazzari, Giulia||Grayson, Hilary||Griffin, Hazel||Jones, Emily||Taylor, Amanda||Thomas, David |
| 245 #4 - TITLE STATEMENT | |
| Title | The Globalization of Science Curricula |
| 546 ## - LANGUAGE NOTE | |
| Language note | English[eng] |
| 650 ## - SUBJECT ADDED ENTRY--TOPICAL TERM | |
| Topical term or geographic name entry element | Globalization||Science education||Science curricula||Large scale international assessments||Trends in International Mathematics and Science Survey||TIMSS||Policy borrowing||Curriculum reform||IEA Research for Education |
| 856 ## - ELECTRONIC LOCATION AND ACCESS | |
| Uniform Resource Identifier | <a href="https://library.oapen.org/bitstream/20.500.12657/28071/1/1001923.pdf||https://library.oapen.org/bitstream/20.500.12657/28071/1/1001923.pdf||https://library.oapen.org/bitstream/20.500.12657/28071/1/1001923.pdf">https://library.oapen.org/bitstream/20.500.12657/28071/1/1001923.pdf||https://library.oapen.org/bitstream/20.500.12657/28071/1/1001923.pdf||https://library.oapen.org/bitstream/20.500.12657/28071/1/1001923.pdf</a> |
| 942 ## - ADDED ENTRY ELEMENTS (KOHA) | |
| Koha item type | E-Books |
| Withdrawn status | Lost status | Damaged status | Not for loan | Home library | Current library | Date acquired | Total Checkouts | Date last seen | Price effective from | Koha item type |
|---|---|---|---|---|---|---|---|---|---|---|
| Kerala University of Digital Sciences, Innovation and Technology Knowledge Centre | Kerala University of Digital Sciences, Innovation and Technology Knowledge Centre | 20/06/2022 | 20/06/2022 | 20/06/2022 | E-Books |